| 000 | 00682nam a2200205 4500 | ||
|---|---|---|---|
| 999 |
_c191305 _d191305 |
||
| 005 | 20220824120348.0 | ||
| 010 | _aENG-134591 | ||
| 020 |
_c125.00 _a9789385231551 |
||
| 035 | _aEN-118123 | ||
| 037 | _bDBAD/PUB | ||
| 082 | _a181.45 | ||
| 100 | _aRao, K. Aravinda | ||
| 245 |
_aA Guide To Bhagavad Gita/ _ck. Aravinda Rao |
||
| 260 |
_aTelangana _bEMESCO BOOKS _c2015 |
||
| 270 |
_a1-2-7, Banoo colony, gagan mahal road, Domalguda _bHyderabad _e500029 _k040-23264028 _l040-23264028 _memescobooks@yahoo.com |
||
| 300 |
_a228p. _bGlossary, index _c22cm(pbk) |
||
| 700 | _aCacciamali maria cristina | ||
| 700 | _aRodgers Gerry | ||
| 942 |
_2ddc _cEN _h181.45 _mRAO |
||